<?xml version="1.0" encoding="UTF-8"?>
<marc:record xmlns:marc="http://www.loc.gov/MARC21/slim">
   <marc:leader>00000nam a2200000 a 4500</marc:leader>
   <marc:datafield ind1="1" ind2=" " tag="100">
      <marc:subfield code="a">Stern, Anne</marc:subfield>
      <marc:subfield code="4">aut</marc:subfield>
      <marc:subfield code="e">Verfasser/-in</marc:subfield>
   </marc:datafield>
   <marc:datafield ind1="0" ind2="0" tag="245">
      <marc:subfield code="a">Fräulein Gold - Der Preis der Freiheit</marc:subfield>
   </marc:datafield>
   <marc:datafield ind1="0" ind2="0" tag="245">
      <marc:subfield code="b">Die Hebamme von Berlin - Band 8</marc:subfield>
   </marc:datafield>
   <marc:datafield ind1=" " ind2="1" tag="264">
      <marc:subfield code="b">Kiepenheuer &amp; Witsch Verlag</marc:subfield>
      <marc:subfield code="c">2025</marc:subfield>
   </marc:datafield>
   <marc:datafield ind1="1" ind2=" " tag="520">
      <marc:subfield code="a">Berlin, 1932: Hulda Gold hat eine neue Wirkungsstätte als Hebamme gefunden. Im berüchtigten Frauengefängnis Barnimstraße versorgt sie inhaftierte Schwangere und entwickelt einen guten Draht zu den oftmals verzweifelten Frauen. Als innerhalb der Gefängnismauern eine junge Insassin völlig unerwartet stirbt, kann Hulda nicht untätig bleiben. Bald kommen Zweifel wegen der Todesursache auf, und der Verdacht fällt auf Anna Marwitz, die bereits wegen Mordes verurteilt ist. Doch Hulda kann nicht glauben, dass diese verschüchterte Frau, die kurz vor der Entbindung ihres ersten Kindes steht, wirklich eine mehrfache Mörderin sein soll. Mit der Aufklärung des Falls wird ausgerechnet Irma Siegel betraut. Hulda und die Kriminalkommissarin kennen sich von früher, und sie gingen nicht als Freundinnen auseinander. Aber während sich die politischen Kräfte in Deutschland immer mehr radikalisieren, müssen sie nun gemeinsam gegen das Unrecht kämpfen – für die Zukunft aller Frauen und auch die ihrer eigenen Familien.
</marc:subfield>
   </marc:datafield>
   <marc:datafield ind1=" " ind2=" " tag="020">
      <marc:subfield code="a">9783499013416</marc:subfield>
      <marc:subfield code="9">9783499013416</marc:subfield>
   </marc:datafield>
</marc:record>
